000 00773nam a22002057a 4500
003 OSt
005 20260316061612.0
008 260316b |||||||| |||| 00| 0 eng d
020 _a978-0-14-241093-6
040 _aDWCL GS lib
_cOC
100 _aRITCHIE, MADONNA
245 _aThe english roses: big-sister blues: book 5
_cRITCHIE, MADONNA
260 _aNew York
_bPuffin Books
_c2008
300 _avii, 116 pages.
_c18cm.
520 _aIn The English Roses: Big-Sister Blues (Book 5) by Madonna, Amy fears her life will end when her new baby sister arrives, especially after her mother cancels a trip to Milan.
546 _aEnglish
650 _2realistic fiction
650 _2learning that love is not a finite resource.
942 _2ddc
_cFIC.
_hFic.
_n0
999 _c9147
_d9147